000 00880cam a2200229 a 4500
999 _c4877
_d4877
020 _a1929007116 (pbk.)
020 _a1929007124 (case bound)
020 _a1929007175 (Int'l. student ed.)
035 _a(DLC) 2002110663
082 0 0 _a611/.0022/2
_221
_bNET
100 1 _aNetter, Frank H.
_q(Frank Henry),
245 1 0 _aAtlas of human anatomy /
_cby Frank H. Netter ; John T. Hansen, consulting editor.
250 _a3rd ed.
260 _aTeterboro, N.J. :
_bIcon Learning Systems,
_c2003.
300 _a1 v. (various pagings) :
_bill. (chiefly col.) ;
_c29 cm.
504 _aIncludes bibliographical references and index.
650 0 _aHuman anatomy
_vAtlases.
650 2 _aAnatomy
_vatlases.
906 _a7
_bcbc
_corignew
_d3
_eepcn
_f20
_gy-gencatlg
942 _2ddc
_cBK